000 01061nam a22003257a 4500
003 CHAP
005 20220329133620.0
008 971013s1992 r 00010 d
010 _a8593
011 _a9565
035 _a8800
040 _cCHAP
090 _aTesis
100 0 0 _aTello Sánchez, Daniel.
_9112108
245 _aEstudio fenológico de la coma (Bumelia celastrina H.B.K.) en cuatro municipios del estado de Nuevo León en 1989
260 _aMonterrey, N.L. :
_bEl autor,
_c1992
300 _a62 h
502 _aTesis (Ing. Agr. Fitotecnista) -- UANL. Fac. de Agronomía
590 _aALEPH
_b10
_c20130110
_lUCH01
_h1224
590 _aBATCH-UPD
_b10
_c20130110
_lUCH01
_h1824
590 _aBATCH-UPD
_b10
_c20130410
_lUCH01
_h1157
590 _aBATCH-UPD
_b10
_c20130914
_lUCH01
_h0756
590 _aCONVERSION
_b10
_c20130109
_lUCH01
_h1306
650 1 4 _aArbustos
_xNuevo Leon.
_96736
650 1 4 _aBumelia celastrina.
_916070
650 1 4 _aFenología.
_940043
901 _aBK
942 _cTESIS
949 _bBC
_cTES
_d-19139
_eTS1
_h30027
_i8800
_si
999 _c8593
_d8593